La Revolución Social y América Latina; (Situación Revolucionaria y Condiciones para el Triunfo de la Revolución) /
Guardat en:
| Autor principal: | |
|---|---|
| Format: | Desconegut |
| Idioma: | Spanish |
| Publicat: |
[Lugar de publicación no identificado] :
[editor no identificado],
1985.
|
| Matèries: | |
| Etiquetes: |
Afegir etiqueta
Sense etiquetes, Sigues el primer a etiquetar aquest registre!
|
MARC
| LEADER | 000000000a22000000004500 | ||
|---|---|---|---|
| 001 | 003065 | ||
| 041 | 0 | |a spa | |
| 082 | 0 | 4 | |a 323.2 |b H289r |
| 100 | 1 | |a Harnecker, Marta | |
| 245 | 1 | 3 | |a La Revolución Social y América Latina; (Situación Revolucionaria y Condiciones para el Triunfo de la Revolución) / |c Marta Harnecker. |
| 260 | 1 | |a [Lugar de publicación no identificado] : |b [editor no identificado], |c 1985. | |
| 300 | |a 147 páginas | ||
| 650 | 4 | |a REVOLUCIONES | |
| 650 | 4 | |a AMERICA LATINA | |
| 999 | |c 9377 |d 9377 | ||
| 942 | |c BK |h 323.2 H289r |2 z | ||
